| 000 | 00409 a2200157 4500 | ||
|---|---|---|---|
| 005 | 20250626061014.0 | ||
| 020 | _a9780072319408 | ||
| 082 | _a658.15 ROS | ||
| 100 | _aROSS, A.S. | ||
| 245 | _aFundamentals of Corporate Finance. | ||
| 250 | _a5th Ed. | ||
| 260 |
_aNew York _bMc Graw Hill, _c2000 |
||
| 300 |
_axxxi,799p.:ill.,tables _bindex _c25cm. |
||
| 700 | _aWESTERFIELD,R.W & JORDAN,B. | ||
| 942 |
_2ddc _cBKS |
||
| 999 |
_c5183 _d5183 |
||